[Event "Gibraltar ChallWk1 13th"]
[Site "Gibraltar"]
[Date "2015.01.28"]
[Round "3.10"]
[White "Elishev, Ivan"]
[Black "Agbabishvili, Lali"]
[Result "1/2-1/2"]
[WhiteElo "2153"]
[BlackElo "1978"]
[PlyCount "265"]
[EventDate "2015.01.26"]
[EventType "swiss"]
[EventRounds "5"]
[EventCountry "GGB"]
[SourceTitle "BritBase"]
[Source "www.saund.co.uk"]
[SourceDate "2018.02.10"]
[SourceVersion "1"]
[SourceVersionDate "2018.02.10"]
[SourceQuality "1"]
[TimeControl "7200+1790"]
[WhiteClock "0:03:28"]
[BlackClock "0:00:33"]

1. d4 d6 2. e4 g6 3. Nc3 Bg7 4. Be3 c6 5. h4 h5 6. Nh3 Bxh3 7. Rxh3 Nd7 8. f4
Nh6 9. Be2 Nf6 10. Qd2 Nhg4 11. Bg1 Bh6 12. Rd3 Qc7 13. g3 O-O 14. O-O-O Rfe8
15. Kb1 e5 16. Bxg4 Nxg4 17. dxe5 Nxe5 18. fxe5 Bxd2 19. exd6 Qd7 20. R1xd2 f5
21. exf5 Re1+ 22. Rd1 Rxd1+ 23. Rxd1 Qxf5 24. Be3 Rd8 25. Bf4 b5 26. Re1 Qc5
27. a3 a5 28. Ne4 Qd4 29. Ng5 Rf8 30. Ne6 Qf2 31. Re4 Qf1+ 32. Ka2 Qg2 33. Rd4
Rf7 34. d7 Rxd7 35. Rxd7 Qxc2 36. Ng5 Qc4+ 37. Kb1 Qf1+ 38. Kc2 Qe2+ 39. Kc1
Qf1+ 40. Rd1 Qc4+ 41. Kb1 Kf8 42. Rc1 Qd5 43. Kc2 b4 44. axb4 axb4 45. b3 Qc5+
46. Kd3 Qd5+ 47. Kc2 Qc5+ 48. Kd3 Qd5+ 49. Ke2 Qxb3 50. Rxc6 Qd5 51. Rd6 Qc4+
52. Ke3 Qc3+ 53. Ke4 Ke7 54. Re6+ Kd7 55. Rd6+ Ke7 56. Rd3 Qc6+ 57. Ke3 Qc1+
58. Kd4 Qb2+ 59. Ke4 Qe2+ 60. Re3 Qc2+ 61. Kd5+ Kd7 62. Ne4 Qa2+ 63. Kd4 Qb2+
64. Kc4 Kc6 65. Rb3 Qc2+ 66. Kxb4 Qxe4+ 67. Kc3 Qe1+ 68. Kc2 Qe2+ 69. Bd2 Kd5
70. Re3 Qc4+ 71. Rc3 Qa4+ 72. Kb2 Kd4 73. Rb3 Qc6 74. Be3+ Ke4 75. Bf4 Qd5 76.
Kc2 Qc4+ 77. Kb2 Qe2+ 78. Ka3 Kf5 79. Rc3 Qa6+ 80. Kb3 Qb5+ 81. Kc2 Qa4+ 82.
Kb2 Ke4 83. Rb3 Kd5 84. Bd2 Qd4+ 85. Kc2 Qe4+ 86. Kb2 Qg2 87. Kc2 Kd4 88. Rd3+
Ke4 89. Re3+ Kf5 90. Rc3 Qf2 91. Re3 Qg2 92. Kd3 Qf1+ 93. Kc2 Qc4+ 94. Kd1 Kg4
95. Ke1 Qd4 96. Ke2 Qc4+ 97. Kf2 Qc2 98. Ke2 Qf5 99. Ke1 Qd5 100. Ke2 Qg2+ 101.
Kd3 Qf1+ 102. Kd4 Qd1 103. Kc3 Kf5 104. Kd3 Qf1+ 105. Kc3 Qa1+ 106. Kd3 Qa6+
107. Kc3 Kg4 108. Kc2 Qb5 109. Kd1 Qc4 110. Ke1 Kh3 111. Kd1 Kg2 112. Rc3 Qa4+
113. Kc1 Kf2 114. Kb2 Ke2 115. Bf4 Qb4+ 116. Kc2 Qb6 117. Kc1 Qd4 118. Rc2+ Ke1
119. Bd2+ Kf1 120. Bf4 Qa1+ 121. Kd2 Kg2 122. Ke3+ Kh3 123. Rd2 Kg4 124. Kd3
Qb1+ 125. Ke3 Qb3+ 126. Rd3 Qc4 127. Kd2 Kf5 128. Re3 Qd4+ 129. Rd3 Qc5 130.
Re3 Qd4+ 131. Ke2 Qb2+ 132. Kf3 Qb7+ 133. Kf2 1/2-1/2

[Event "Gibraltar ChallWk1 13th"]
[Site "Gibraltar"]
[Date "2015.01.28"]
[Round "3.11"]
[White "Rios Gonzalez, Jose Antonio"]
[Black "Varga, Klara"]
[Result "0-1"]
[WhiteElo "1933"]
[BlackElo "2145"]
[PlyCount "86"]
[EventDate "2015.01.26"]
[EventType "swiss"]
[EventRounds "5"]
[EventCountry "GGB"]
[SourceTitle "BritBase"]
[Source "www.saund.co.uk"]
[SourceDate "2018.02.10"]
[SourceVersion "1"]
[SourceVersionDate "2018.02.10"]
[SourceQuality "1"]
[TimeControl "7200+795"]
[WhiteClock "0:02:33"]
[BlackClock "0:23:44"]

1. c4 Nf6 2. Nc3 e5 3. g3 Bb4 4. Bg2 O-O 5. b3 c6 6. e4 a5 7. Nge2 Na6 8. O-O
Re8 9. Bb2 d6 10. h3 Nc5 11. Qc2 Qb6 12. Rad1 Bd7 13. Kh2 a4 14. Nc1 axb3 15.
axb3 Ba3 16. d3 Ra6 17. Nb1 Bxb2 18. Qxb2 Ne6 19. f4 Nd4 20. Rd2 Rea8 21. Rdf2
c5 22. Bf3 Qa5 23. Bd1 Qa1 24. b4 cxb4 25. Qxb4 b5 26. fxe5 dxe5 27. c5 Nc6 28.
Qb2 Qxb2 29. Rxb2 b4 30. Rff2 Be6 31. Bb3 Bxb3 32. Nxb3 Rd8 33. Nc1 Nd7 34.
Rfc2 Nf8 35. Nd2 Ne6 36. Ndb3 h5 37. Ra2 Rda8 38. Rxa6 Rxa6 39. Ra2 Rxa2+ 40.
Nxa2 Kf8 41. Kg2 Ned4 42. Nd2 Ne6 43. Kf2 Ned4 0-1

[Event "Gibraltar ChallWk1 13th"]
[Site "Gibraltar"]
[Date "2015.01.28"]
[Round "3.12"]
[White "Burrows, Martin P"]
[Black "Machlik, Edit"]
[Result "1-0"]
[WhiteElo "2136"]
[BlackElo "1914"]
[PlyCount "51"]
[EventDate "2015.01.26"]
[EventType "swiss"]
[EventRounds "5"]
[EventCountry "GGB"]
[SourceTitle "BritBase"]
[Source "www.saund.co.uk"]
[SourceDate "2018.02.10"]
[SourceVersion "1"]
[SourceVersionDate "2018.02.10"]
[SourceQuality "1"]
[TimeControl "7200+675"]
[WhiteClock "0:37:52"]
[BlackClock "0:49:25"]

1. e4 c6 2. d4 d5 3. e5 c5 4. Nf3 Nc6 5. Bb5 Qa5+ 6. Nc3 Bg4 7. dxc5 e6 8. Bd2
Qc7 9. b4 Bxf3 10. Qxf3 Qxe5+ 11. Qe2 Qxe2+ 12. Nxe2 a6 13. Ba4 Nge7 14. O-O e5
15. f4 e4 16. f5 f6 17. Bc3 O-O-O 18. Rad1 Ne5 19. Nd4 N7c6 20. Ne6 Rd7 21. Bb3
Ne7 22. Bxe5 fxe5 23. f6 Nc6 24. Bxd5 Nd4 25. Nxd4 exd4 26. Be6 1-0

[Event "Gibraltar ChallWk1 13th"]
[Site "Gibraltar"]
[Date "2015.01.28"]
[Round "3.13"]
[White "Bryant, Richard B E"]
[Black "Kuhne, Detlev"]
[Result "0-1"]
[WhiteElo "1904"]
[BlackElo "2131"]
[PlyCount "112"]
[EventDate "2015.01.26"]
[EventType "swiss"]
[EventRounds "5"]
[EventCountry "GGB"]
[SourceTitle "BritBase"]
[Source "www.saund.co.uk"]
[SourceDate "2018.02.10"]
[SourceVersion "1"]
[SourceVersionDate "2018.02.10"]
[SourceQuality "1"]
[TimeControl "7200+775"]
[WhiteClock "0:09:36"]
[BlackClock "0:50:12"]

1. e4 Nf6 2. Nc3 d5 3. e5 Nfd7 4. f4 e6 5. Nf3 c5 6. g3 Nc6 7. Bh3 Be7 8. O-O
a6 9. a4 g6 10. d3 h5 11. Re1 Nf8 12. Kh1 Bd7 13. Bd2 Qc7 14. a5 Nh7 15. Na4
Nxa5 16. Nxc5 Qxc5 17. b4 Qc7 18. bxa5 Rc8 19. Ra2 Bc5 20. d4 Be7 21. Qb1 Bb5
22. Rb2 O-O 23. Bf1 Bxf1 24. Rxf1 Rb8 25. Ne1 Rfc8 26. Rf3 Bf8 27. Rfb3 Qc4 28.
Rd3 Qa4 29. Rxb7 Rxb7 30. Qxb7 Rc4 31. Qb2 Bb4 32. c3 Bxa5 33. Nc2 Nf8 34. Be1
Rc6 35. Ne3 Rb6 36. Qe2 Rb1 37. Kg2 Qa1 38. Rd1 Rxd1 39. Nxd1 Kg7 40. g4 hxg4
41. Qxg4 Qa2+ 42. Kh3 Bd8 43. Ne3 Qb1 44. Qg3 Qe4 45. Ng4 Nd7 46. Qe3 Qxe3+ 47.
Nxe3 Nb6 48. Bd2 Be7 49. Bc1 a5 50. Kg4 a4 51. h4 a3 52. Bxa3 Bxa3 53. h5 gxh5+
54. Kxh5 Bb2 55. Nd1 Na4 56. f5 Bxc3 0-1

[Event "Gibraltar ChallWk1 13th"]
[Site "Gibraltar"]
[Date "2015.01.28"]
[Round "3.14"]
[White "O'Toole, George E"]
[Black "Nieto Asencio, Maria Del Carme"]
[Result "0-1"]
[WhiteElo "2242"]
[BlackElo "1985"]
[PlyCount "92"]
[EventDate "2015.01.26"]
[EventType "swiss"]
[EventRounds "5"]
[EventCountry "GGB"]
[SourceTitle "BritBase"]
[Source "www.saund.co.uk"]
[SourceDate "2018.02.10"]
[SourceVersion "1"]
[SourceVersionDate "2018.02.10"]
[SourceQuality "1"]
[TimeControl "7200+1720"]
[WhiteClock "0:01:46"]
[BlackClock "0:01:08"]

1. e4 c5 2. c3 g6 3. d4 cxd4 4. cxd4 d5 5. e5 Nc6 6. h3 Bg7 7. Nf3 f6 8. exf6
exf6 9. Nc3 Nge7 10. Bd3 O-O 11. O-O Be6 12. Re1 Bf7 13. a3 Na5 14. Ne2 Qb6 15.
b4 Nc4 16. Ng3 Nc6 17. Ra2 f5 18. Bxc4 dxc4 19. Be3 Qc7 20. Ne2 Rad8 21. Qc1 b5
22. Rd1 Ne7 23. Bf4 Qb7 24. Ne5 Nd5 25. Nc3 Nxc3 26. Qxc3 Rd5 27. Rad2 Bf6 28.
Qe3 Re8 29. g4 Qc8 30. g5 Bd8 31. Qf3 Qb7 32. Re2 Rd7 33. Qxb7 Rxb7 34. d5 Bb6
35. d6 Rd8 36. Red2 Be6 37. Nc6 Rdd7 38. Re2 Bf7 39. Re7 Rxe7 40. dxe7 Be8 41.
Rd8 Kf7 42. Bd6 Bxc6 43. Rf8+ Ke6 44. Rf6+ Kd5 45. Bc7 Rxc7 46. Rxc6 Rxe7 0-1

[Event "Gibraltar ChallWk1 13th"]
[Site "Gibraltar"]
[Date "2015.01.28"]
[Round "3.15"]
[White "Ibarra Jerez, Juan Miguel"]
[Black "Byrn, Carsten"]
[Result "1-0"]
[WhiteElo "2238"]
[BlackElo "2044"]
[PlyCount "95"]
[EventDate "2015.01.26"]
[EventType "swiss"]
[EventRounds "5"]
[EventCountry "GGB"]
[SourceTitle "BritBase"]
[Source "www.saund.co.uk"]
[SourceDate "2018.02.10"]
[SourceVersion "1"]
[SourceVersionDate "2018.02.10"]
[SourceQuality "1"]
[TimeControl "7200+12025"]
[WhiteClock "0:06:45"]
[BlackClock "0:02:11"]

1. e4 c5 2. Nc3 Nc6 3. Nge2 d6 4. d4 cxd4 5. Nxd4 Nf6 6. Be2 e5 7. Nb3 Be7 8.
f4 O-O 9. O-O a5 10. a4 Nb4 11. Bf3 b6 12. Re1 Bb7 13. Qe2 Rc8 14. Qf2 Bc6 15.
Be3 Rb8 16. Rad1 Qc7 17. Re2 Rfd8 18. Qg3 b5 19. fxe5 dxe5 20. Rxd8+ Bxd8 21.
axb5 Bxb5 22. Rf2 a4 23. Nc5 Be7 24. Nxb5 Rxb5 25. Nxa4 Nxc2 26. Bh6 g6 27. Bd1
Nd4 28. Nc3 Ra5 29. h3 Ra1 30. Qd3 Qd8 31. Qc4 Ra8 32. Kh2 Rc8 33. Qf1 Rc6 34.
g4 Qe8 35. Ba4 Qa8 36. Bxc6 Qxc6 37. g5 Nxe4 38. Rxf7 Nf5 39. Rxe7 Nd2 40. Re8+
Qxe8 41. Qd3 e4 42. Qxd2 e3 43. Qd5+ Kh8 44. Ne2 Qb8+ 45. Kg2 Nh4+ 46. Kf1 Nf5
47. Qf7 Nxh6 48. gxh6 1-0

[Event "Gibraltar ChallWk1 13th"]
[Site "Gibraltar"]
[Date "2015.01.28"]
[Round "3.16"]
[White "Gieritz, Dietmar"]
[Black "Scharrer, Patrick"]
[Result "1-0"]
[WhiteElo "2048"]
[BlackElo "2231"]
[PlyCount "57"]
[EventDate "2015.01.26"]
[EventType "swiss"]
[EventRounds "5"]
[EventCountry "GGB"]
[SourceTitle "BritBase"]
[Source "www.saund.co.uk"]
[SourceDate "2018.02.10"]
[SourceVersion "1"]
[SourceVersionDate "2018.02.10"]
[SourceQuality "1"]
[TimeControl "7200+1570"]
[WhiteClock "0:29:18"]
[BlackClock "0:13:43"]

1. Nf3 g6 2. g3 Bg7 3. d4 d6 4. Bg2 Nd7 5. O-O e5 6. c4 Ne7 7. Nc3 O-O 8. h3
exd4 9. Nxd4 a5 10. Bg5 h6 11. Bf4 Nc5 12. Qd2 Kh7 13. Rfd1 Bd7 14. Ndb5 Bc6
15. Nxc7 Qxc7 16. Bxd6 Qb6 17. Bxe7 Rfe8 18. Bxc5 Qxc5 19. Nd5 Rad8 20. Rac1 b5
21. b3 b4 22. e4 h5 23. Qf4 Kh8 24. Qxf7 Rf8 25. Qxg6 Rxf2 26. Qxh5+ Bh6 27.
Qxh6+ Kg8 28. Qg5+ Kh7 29. Nf6+ 1-0

[Event "Gibraltar ChallWk1 13th"]
[Site "Gibraltar"]
[Date "2015.01.28"]
[Round "3.17"]
[White "Suez-Panama, Gilles"]
[Black "Dolzhikova, Olga"]
[Result "1/2-1/2"]
[WhiteElo "2030"]
[BlackElo "2194"]
[PlyCount "85"]
[EventDate "2015.01.26"]
[EventType "swiss"]
[EventRounds "5"]
[EventCountry "GGB"]
[SourceTitle "BritBase"]
[Source "www.saund.co.uk"]
[SourceDate "2018.02.10"]
[SourceVersion "1"]
[SourceVersionDate "2018.02.10"]
[SourceQuality "1"]
[TimeControl "7200+3410"]
[WhiteClock "0:18:53"]
[BlackClock "0:02:14"]

1. d4 Nf6 2. Nf3 e6 3. c4 d5 4. Nc3 Bb4 5. Bg5 h6 6. Bxf6 Qxf6 7. Qa4+ Nc6 8.
Ne5 Bxc3+ 9. bxc3 O-O 10. Nxc6 bxc6 11. e3 c5 12. Be2 cxd4 13. cxd4 c5 14. Qc6
Rb8 15. Qxc5 Ba6 16. O-O Rfc8 17. Qxa7 Bxc4 18. Bxc4 dxc4 19. Rac1 Qd8 20. Rc2
Ra8 21. Qb7 Qa5 22. h3 Rab8 23. Qf3 c3 24. Rfc1 Rc4 25. Qe2 Rbc8 26. Rb1 Rb4
27. Rbc1 Rc7 28. Kh2 Qa3 29. Qd3 g6 30. Rxc3 Qxc1 31. Rxc1 Rxc1 32. d5 exd5 33.
Qxd5 Rc2 34. f4 Ra4 35. Qd8+ Kg7 36. a3 Rxa3 37. Qd4+ Kg8 38. Qd8+ Kg7 39. f5
gxf5 40. Qd4+ Kg8 41. Qd8+ Kg7 42. Qd4+ Kg8 43. Qd8+ 1/2-1/2

[Event "Gibraltar ChallWk1 13th"]
[Site "Gibraltar"]
[Date "2015.01.28"]
[Round "3.18"]
[White "Balogun, Oluwafemi"]
[Black "Schouten, Freek"]
[Result "1-0"]
[WhiteElo "2193"]
[BlackElo "2039"]
[PlyCount "101"]
[EventDate "2015.01.26"]
[EventType "swiss"]
[EventRounds "5"]
[EventCountry "GGB"]
[SourceTitle "BritBase"]
[Source "www.saund.co.uk"]
[SourceDate "2018.02.10"]
[SourceVersion "1"]
[SourceVersionDate "2018.02.10"]
[SourceQuality "1"]

1. Nf3 Nf6 2. g3 d5 3. Bg2 Bf5 4. O-O e6 5. d3 h6 6. Nbd2 Be7 7. b3 O-O 8. Bb2
Nbd7 9. Qe1 c6 10. e4 Bh7 11. Qe2 a5 12. a4 Nc5 13. Ne5 Nfd7 14. Nxd7 Nxd7 15.
f4 Bf6 16. e5 Be7 17. g4 b5 18. Kh1 bxa4 19. Rxa4 Nb6 20. Raa1 a4 21. f5 axb3
22. f6 Rxa1 23. Bxa1 Ba3 24. Nxb3 g5 25. h4 Kh8 26. hxg5 hxg5 27. Rf3 Rg8 28.
Rh3 Rg6 29. Nd4 Qa8 30. Bc3 Bc1 31. Qf1 Bf4 32. Ne2 Qa4 33. Bd4 Nd7 34. Qb1 c5
35. Bc3 Qa8 36. Qb5 Qc8 37. Nxf4 gxf4 38. Bf3 Rg5 39. Qa4 Nxe5 40. Bxe5 Rxe5
41. Qxf4 Re1+ 42. Kg2 Qg8 43. Rh5 Rb1 44. Qh6 Qg6 45. Qf8+ Qg8 46. Qxc5 Rb8 47.
Qe3 Qg6 48. Qe5 Rc8 49. Bd1 Rxc2+ 50. Bxc2 Qxg4+ 51. Kf2 1-0

[Event "Gibraltar ChallWk1 13th"]
[Site "Gibraltar"]
[Date "2015.01.28"]
[Round "3.19"]
[White "Pena Riasco, Alexander"]
[Black "Alarcon Olmos, Daniel"]
[Result "1-0"]
[WhiteElo "2181"]
[BlackElo "2031"]
[PlyCount "67"]
[EventDate "2015.01.26"]
[EventType "swiss"]
[EventRounds "5"]
[EventCountry "GGB"]
[SourceTitle "BritBase"]
[Source "www.saund.co.uk"]
[SourceDate "2018.02.10"]
[SourceVersion "1"]
[SourceVersionDate "2018.02.10"]
[SourceQuality "1"]

1. e4 c5 2. Nf3 d6 3. d4 cxd4 4. Nxd4 Nf6 5. Nc3 e6 6. g4 a6 7. g5 Nfd7 8. Be3
b5 9. a3 Qc7 10. Rg1 Nc6 11. Nxc6 Qxc6 12. Qd4 Ne5 13. Rg3 Qc7 14. O-O-O Bd7
15. f4 Nc6 16. Qb6 Qc8 17. Bg1 Rb8 18. Qf2 Be7 19. h4 Qc7 20. b4 Rb7 21. f5 Ne5
22. f6 gxf6 23. gxf6 Bf8 24. Qd4 a5 25. bxa5 Nc6 26. Qd3 Nxa5 27. Bg2 Nc4 28.
e5 Bh6+ 29. Kb1 Nxa3+ 30. Ka1 d5 31. Nxd5 Nxc2+ 32. Kb2 exd5 33. Qxc2 Qxc2+ 34.
Kxc2 1-0

[Event "Gibraltar ChallWk1 13th"]
[Site "Gibraltar"]
[Date "2015.01.28"]
[Round "3.20"]
[White "Severijnen, Arjon"]
[Black "Nilsen, Martin"]
[Result "1-0"]
[WhiteElo "2172"]
[BlackElo "2011"]
[PlyCount "75"]
[EventDate "2015.01.26"]
[EventType "swiss"]
[EventRounds "5"]
[EventCountry "GGB"]
[SourceTitle "BritBase"]
[Source "www.saund.co.uk"]
[SourceDate "2018.02.10"]
[SourceVersion "1"]
[SourceVersionDate "2018.02.10"]
[SourceQuality "1"]

1. e4 e6 2. d4 d5 3. Nc3 Nf6 4. Bg5 Bb4 5. exd5 Qxd5 6. Bxf6 gxf6 7. Qd2 Qa5 8.
Nge2 b6 9. O-O-O Bb7 10. a3 Bd6 11. d5 Nd7 12. Nd4 Bxd5 13. Ndb5 a6 14. Nxd6+
cxd6 15. Nxd5 Qxd5 16. Qxd5 exd5 17. Rxd5 Ke7 18. g3 Nc5 19. Bh3 Rad8 20. Re1+
Ne6 21. f4 Kd7 22. Red1 Ke7 23. Re1 Kd7 24. Rf5 Ke7 25. Rh5 Kf8 26. Bxe6 Re8
27. Rd5 Rxe6 28. Rxe6 fxe6 29. Rxd6 Kf7 30. Rxb6 Ra8 31. Rb7+ Kg6 32. Re7 Kf5
33. Rxh7 e5 34. fxe5 fxe5 35. Kd2 Ke4 36. Ke2 Rb8 37. Rh4+ Kd5 38. c4+ 1-0

[Event "Gibraltar ChallWk1 13th"]
[Site "Gibraltar"]
[Date "2015.01.28"]
[Round "3.22"]
[White "Hamer, Martyn"]
[Black "Wiedersich, Jens"]
[Result "1/2-1/2"]
[WhiteElo "2014"]
[BlackElo "2125"]
[PlyCount "67"]
[EventDate "2015.01.26"]
[EventType "swiss"]
[EventRounds "5"]
[EventCountry "GGB"]
[SourceTitle "BritBase"]
[Source "www.saund.co.uk"]
[SourceDate "2018.02.10"]
[SourceVersion "1"]
[SourceVersionDate "2018.02.10"]
[SourceQuality "1"]

1. Nf3 c5 2. c4 Nf6 3. Nc3 g6 4. d4 cxd4 5. Nxd4 a6 6. e4 d6 7. Be2 Bg7 8. Be3
Nc6 9. O-O Bd7 10. Rc1 O-O 11. f3 Nxd4 12. Bxd4 Bc6 13. Qd2 Qd7 14. Nd5 Bxd5
15. cxd5 Rfc8 16. Qb4 Bh6 17. Rc3 Rxc3 18. bxc3 b5 19. c4 bxc4 20. Bxc4 a5 21.
Qd2 Qc7 22. Bb5 Rb8 23. a4 Nd7 24. f4 Nc5 25. Qc3 Rc8 26. Qe3 e5 27. dxe6 fxe6
28. e5 Bf8 29. Rc1 dxe5 30. fxe5 Qe7 31. Qc3 Qg5 32. Rc2 Qd8 33. Bf2 Kg7 34.
Rc1 1/2-1/2

[Event "Gibraltar ChallWk1 13th"]
[Site "Gibraltar"]
[Date "2015.01.28"]
[Round "3.23"]
[White "Ferreira, Oscar Luiz Vieira"]
[Black "Daneri, Martin"]
[Result "0-1"]
[WhiteElo "1980"]
[BlackElo "2123"]
[PlyCount "78"]
[EventDate "2015.01.26"]
[EventType "swiss"]
[EventRounds "5"]
[EventCountry "GGB"]
[SourceTitle "BritBase"]
[Source "www.saund.co.uk"]
[SourceDate "2018.02.10"]
[SourceVersion "1"]
[SourceVersionDate "2018.02.10"]
[SourceQuality "1"]

1. e4 c5 2. Nc3 a6 3. g3 b5 4. a3 Bb7 5. Bg2 Nf6 6. d3 e6 7. f4 Be7 8. Nf3 d6
9. O-O Nc6 10. Qe1 O-O 11. h3 Qc7 12. g4 Nd4 13. Qf2 Nxf3+ 14. Bxf3 Rac8 15. f5
Nd7 16. Bd2 Qd8 17. Qg2 Bg5 18. Rad1 b4 19. Nb1 a5 20. Qg3 Bxd2 21. Rxd2 Ne5
22. Bg2 Qg5 23. Rdf2 h5 24. Rf4 hxg4 25. hxg4 exf5 26. exf5 Bxg2 27. Kxg2 Qe7
28. f6 Qb7+ 29. Kh3 Ng6 30. Rf5 gxf6 31. Rxf6 Kg7 32. Qxd6 Rcd8 33. Qxc5 Rh8+
34. Kg3 Qb8+ 35. R1f4 Nxf4 36. Rxf4 Rh3+ 37. Kxh3 Qxf4 38. Qg1 Rh8+ 39. Kg2 Rh4
0-1

[Event "Gibraltar ChallWk1 13th"]
[Site "Gibraltar"]
[Date "2015.01.28"]
[Round "3.24"]
[White "Boyer Censore, Giuseppe Enmanu"]
[Black "Kandic, Milan"]
[Result "1-0"]
[WhiteElo "1960"]
[BlackElo "2101"]
[PlyCount "117"]
[EventDate "2015.01.26"]
[EventType "swiss"]
[EventRounds "5"]
[EventCountry "GGB"]
[SourceTitle "BritBase"]
[Source "www.saund.co.uk"]
[SourceDate "2018.02.10"]
[SourceVersion "1"]
[SourceVersionDate "2018.02.10"]
[SourceQuality "1"]

1. e4 d6 2. d4 Nf6 3. Nc3 e5 4. Nf3 Nbd7 5. Bc4 Be7 6. O-O O-O 7. Re1 c6 8. a4
a5 9. h3 Qc7 10. Ba2 h6 11. Be3 Re8 12. Nd2 Nf8 13. Nc4 Ra6 14. Qf3 Ng6 15.
Rad1 Nh4 16. Qe2 Be6 17. f4 exd4 18. Bxd4 d5 19. Ne5 dxe4 20. Bxe6 fxe6 21.
Nxe4 Nxe4 22. Qxe4 c5 23. Bf2 Rd8 24. Rxd8+ Bxd8 25. Rd1 Rd6 26. Rxd6 Qxd6 27.
Qxb7 Qd1+ 28. Kh2 Qxc2 29. Bxh4 Bxh4 30. Qf7+ Kh7 31. Qxe6 Bf6 32. b3 Qe4 33.
Qc4 Qe1 34. Qxc5 Bh4 35. Qc2+ Kg8 36. Qc8+ Kh7 37. Qf5+ Kg8 38. Qe6+ Kh7 39.
Qg6+ Kg8 40. Nf3 Qe7 41. Ne5 Qb4 42. Qf7+ Kh7 43. Qc4 Qe1 44. Qc2+ Kg8 45. Qc8+
Kh7 46. Qf5+ Kg8 47. Qf7+ Kh7 48. Qg6+ Kg8 49. Nf3 Qe7 50. Nxh4 Qxh4 51. Qe8+
Kh7 52. Qe4+ Kh8 53. b4 axb4 54. Qxb4 g5 55. Qf8+ Kh7 56. Qf7+ Kh8 57. Qf6+ Kh7
58. Qf7+ Kh8 59. g3 1-0

[Event "Gibraltar ChallWk1 13th"]
[Site "Gibraltar"]
[Date "2015.01.28"]
[Round "3.25"]
[White "Yu, Jonathan"]
[Black "Hermes, Geoff R"]
[Result "1/2-1/2"]
[WhiteElo "2081"]
[BlackElo "1907"]
[PlyCount "89"]
[EventDate "2015.01.26"]
[EventType "swiss"]
[EventRounds "5"]
[EventCountry "GGB"]
[SourceTitle "BritBase"]
[Source "www.saund.co.uk"]
[SourceDate "2018.02.10"]
[SourceVersion "1"]
[SourceVersionDate "2018.02.10"]
[SourceQuality "1"]

1. e4 d6 2. d4 Nf6 3. Nc3 c6 4. h3 Nbd7 5. Nf3 e5 6. Be2 Be7 7. a4 b6 8. O-O
O-O 9. Be3 Re8 10. dxe5 dxe5 11. Bc4 Qc7 12. Ng5 Rf8 13. f4 Bc5 14. Bxc5 Nxc5
15. fxe5 Qxe5 16. Nf3 Qg3 17. Ne2 Qg6 18. e5 Nh5 19. Kh2 Be6 20. Bxe6 Nxe6 21.
c3 Nef4 22. Nxf4 Nxf4 23. Qd2 Ne6 24. Nh4 Qe4 25. Qe1 Qxe1 26. Raxe1 g6 27. Rd1
Rad8 28. Kg3 Nc5 29. a5 bxa5 30. Ra1 Rd5 31. Nf3 Nd3 32. Rfd1 Rfd8 33. c4 R5d7
34. Rxa5 Nxb2 35. Rxd7 Rxd7 36. Rc5 a5 37. Rxa5 Nxc4 38. Rc5 Nd2 39. Rxc6 Nxf3
40. gxf3 Kg7 41. h4 Rd5 42. f4 h5 43. Rc3 Rd7 44. Rf3 Rd4 45. Kh3 1/2-1/2

[Event "Gibraltar ChallWk1 13th"]
[Site "Gibraltar"]
[Date "2015.01.28"]
[Round "3.26"]
[White "Jameson, David"]
[Black "Haddock, Paul"]
[Result "1-0"]
[WhiteElo "2068"]
[BlackElo "1639"]
[PlyCount "45"]
[EventDate "2015.01.26"]
[EventType "swiss"]
[EventRounds "5"]
[EventCountry "GGB"]
[SourceTitle "BritBase"]
[Source "www.saund.co.uk"]
[SourceDate "2018.02.10"]
[SourceVersion "1"]
[SourceVersionDate "2018.02.10"]
[SourceQuality "1"]

1. e4 e5 2. d4 exd4 3. c3 d3 4. Bxd3 Nc6 5. Nf3 d6 6. Bf4 Bg4 7. Nbd2 Nf6 8.
Qb3 Rb8 9. h3 Be6 10. Qc2 Nd7 11. Nd4 Nde5 12. Be2 Qf6 13. Be3 g6 14. O-O-O Bg7
15. f4 Nd7 16. Nxc6 bxc6 17. Bd4 Ne5 18. fxe5 dxe5 19. Bc5 Bxa2 20. Rhf1 Qe6
21. Bg4 Bb3 22. Nxb3 Qxb3 23. Bd7+ 1-0

[Event "Gibraltar ChallWk1 13th"]
[Site "Gibraltar"]
[Date "2015.01.28"]
[Round "3.27"]
[White "Flanagan, Samuel"]
[Black "Fiori, Hector"]
[Result "0-1"]
[WhiteElo "1766"]
[BlackElo "2066"]
[PlyCount "74"]
[EventDate "2015.01.26"]
[EventType "swiss"]
[EventRounds "5"]
[EventCountry "GGB"]
[SourceTitle "BritBase"]
[Source "www.saund.co.uk"]
[SourceDate "2018.02.10"]
[SourceVersion "1"]
[SourceVersionDate "2018.02.10"]
[SourceQuality "1"]

1. e4 c5 2. Nf3 e6 3. d4 cxd4 4. Nxd4 a6 5. Nc3 Qc7 6. Bd3 b5 7. O-O Bb7 8. Re1
Be7 9. a4 b4 10. Na2 Nc6 11. Nxc6 Bxc6 12. Bd2 Qb7 13. b3 Nf6 14. Qe2 d5 15. e5
Nd7 16. Qg4 O-O-O 17. Nxb4 h5 18. Qd4 Bc5 19. Qf4 g5 20. Bxa6 gxf4 21. Bxb7+
Bxb7 22. Nd3 f3 23. b4 Ba7 24. g3 h4 25. g4 f5 26. exf6 Nxf6 27. h3 Ne4 28. Be3
d4 29. Bf4 Rhf8 30. Bh2 Bd5 31. Ra3 Ng5 32. c4 dxc3 33. Rxc3+ Kb7 34. Rc7+ Ka8
35. Be5 Nxh3+ 36. Kf1 Bb3 37. Nb2 Rd2 0-1

[Event "Gibraltar ChallWk1 13th"]
[Site "Gibraltar"]
[Date "2015.01.28"]
[Round "3.28"]
[White "Recklingloh, Frank"]
[Black "Othman, Mustapha"]
[Result "1-0"]
[WhiteElo "2133"]
[BlackElo "1968"]
[PlyCount "63"]
[EventDate "2015.01.26"]
[EventType "swiss"]
[EventRounds "5"]
[EventCountry "GGB"]
[SourceTitle "BritBase"]
[Source "www.saund.co.uk"]
[SourceDate "2018.02.10"]
[SourceVersion "1"]
[SourceVersionDate "2018.02.10"]
[SourceQuality "1"]

1. e4 c5 2. Nf3 d6 3. d4 cxd4 4. Nxd4 Nf6 5. Nc3 a6 6. Bc4 e6 7. Bb3 Be7 8. g4
O-O 9. g5 Ne8 10. f4 e5 11. Nf5 exf4 12. h4 Nc7 13. Bxf4 Re8 14. O-O d5 15.
Nxe7+ Qxe7 16. exd5 Qc5+ 17. Kg2 b5 18. Bxc7 Qxc7 19. d6 Bb7+ 20. Kh2 Qc6 21.
Bxf7+ Kh8 22. Qd5 Rd8 23. Rad1 Nd7 24. Qxc6 Bxc6 25. Bd5 Rac8 26. Rf2 Ne5 27.
Re2 Ng6 28. Bxc6 h6 29. d7 Rb8 30. Re8+ Kh7 31. Rxd8 Rxd8 32. Be4 1-0

[Event "Gibraltar ChallWk1 13th"]
[Site "Gibraltar"]
[Date "2015.01.28"]
[Round "3.29"]
[White "Bengtsson, Jessica"]
[Black "Ungureanu, Sandu"]
[Result "1-0"]
[WhiteElo "1971"]
[BlackElo "2040"]
[PlyCount "115"]
[EventDate "2015.01.26"]
[EventType "swiss"]
[EventRounds "5"]
[EventCountry "GGB"]
[SourceTitle "BritBase"]
[Source "www.saund.co.uk"]
[SourceDate "2018.02.10"]
[SourceVersion "1"]
[SourceVersionDate "2018.02.10"]
[SourceQuality "1"]

1. e4 e6 2. d4 d5 3. e5 c5 4. c3 Qb6 5. Nf3 Nc6 6. a3 Bd7 7. b4 cxd4 8. cxd4
Rc8 9. Bb2 f5 10. Nc3 Na5 11. Na4 Bxa4 12. Qxa4+ Nc6 13. Ng5 Ke7 14. Rc1 h6 15.
Nf3 Kf7 16. Bd3 Nge7 17. O-O a6 18. h4 g6 19. Qd1 Bg7 20. Qd2 Rc7 21. g4 Rhc8
22. Qf4 Na5 23. gxf5 gxf5 24. Rxc7 Rxc7 25. Kh1 Nc4 26. Bc1 Rc8 27. Rg1 Rg8 28.
Nd2 a5 29. bxa5 Nxa5 30. Be2 Nb3 31. Bh5+ Kf8 32. Nxb3 Qxb3 33. Rg3 Qb1 34. Kh2
Qc2 35. Kh3 Rh8 36. a4 Rh7 37. Ba3 Qc7 38. Bd6 Qd7 39. Rc3 Kg8 40. Rc7 Qxc7 41.
Bxc7 Bf8 42. Bd6 Nc6 43. Bg6 Rg7 44. h5 Ne7 45. Bxe7 Rxe7 46. Qc1 Kg7 47. Qc8
Kg8 48. a5 Kg7 49. Bxf5 exf5 50. Qxf5 Kg8 51. e6 Rc7 52. Qxd5 Be7 53. Qf5 Bf8
54. d5 Rg7 55. Qf4 Bc5 56. d6 b5 57. axb6 Bxb6 58. e7 1-0